| 000 | 00704nam a2200169 a 4500 | ||
|---|---|---|---|
| 008 | 120416s1967 ||||||||||||||||| || u | ||
| 020 | _a0070511705 | ||
| 050 | _aQE 606 Ram | ||
| 100 | _aRamsay, John G | ||
| 245 | 1 | 0 | _aFolding and fracturing of rocks |
| 260 |
_aNew York _bMcGraw-Hill _c1967 |
||
| 350 | _a0.00 | ||
| 650 | _aGEOLOGY--STUDY AND TEACHING | ||
| 650 | _aRocks--Fracture | ||
| 995 |
_aANNEX COLLECTION (Main Library) _D0.00 _e715551 _FCBU-MAIN LIBRARY (Kitwe) _H1 _I55.00 _jQE 606 Ram _M1 _UAVAILABLE _y014466 _ZAnnex Low-Usage Collection |
||
| 995 |
_aANNEX COLLECTION (Main Library) _D0.00 _e715550 _FCBU-MAIN LIBRARY (Kitwe) _H2 _I55.00 _jQE 606 Ram _M2 _UAVAILABLE _y014467 _ZAnnex Low-Usage Collection |
||
| 999 |
_c63197 _d63197 |
||